000 00756cam a2200241 a 4500
008
020 _a9780470186381 (hbk.)
049 _aMAIN
090 _aHD2757.2
_bLYN
100 1 _aLynn, Barry C.
245 1 0 _aCornered :
_bThe New Monopoly Capitalism and the Economics of Destruction /
_cBarry C. Lynn.
260 _aHoboken, N.J. :
_bJohn Wiley & Sons,
_cc2010.
300 _axxii, 312 p. ;
_c25 cm.
504 _aIncludes bibliographical references.
500 _alncludes index.
650 0 _aMonopolies
_zUnited States.
650 0 _aCapitalism
_zUnited States.
907 _a.b10331438
_b27-11-13
_c30-05-13
003
005 20230123122033.0
040 _cNUST
942 _cBOOKS
_kHD2757.2
_mLYN
999 _c126715
_d126715